000 00851cam a2200253 4500
001 J315
008 090401t1975 xxu||||| |||| 00| 0 eng d
035 _a(Sirsi) u74388
041 _aeng
050 _a692.8
090 _aJCT 1975/8A
110 _aJoint Contracts Tribunal
_93664
245 _aAgreement for building works for which renovation grant (Housing Act 1974) is to be made where no architect or supervising officer is appointed by the employer.
260 _aLondon
_bNFBTE
_c1975
300 _a(10)p. ; 30cm.
350 _a0
520 _aAccompanied by 3 page Amendment No.XG 3/1977 issued February 1977.
650 _aBUILT ENVIRONMENT-BUILDING CONTRACT FORMS
650 _aHOUSING ACT 1974
650 _aRENOVATION GRANT WORKS
690 _aBUILT ENVIRONMENT-BUILDING CONTRACT FORMS
942 _n0
948 _c04/03/1997
999 _c95831
_d95831